000 00208 a2200097 4500
001 45645
100 _aMccarry, C
245 _aThe secret lovers
260 _aNew York
_bE.P Dutton
_c
090 _c28819
_d28819
942 _aNUST-CAE
_cM
_c20912
999 _c280718
_d280718